| 000 | 00759nam a2200205Ii 4500 | ||
|---|---|---|---|
| 003 | JO-AjNU | ||
| 008 | 230605s9999||||xx |||||||||||||| ||und|| | ||
| 040 |
_aJO-AjNU _bara _erda _cJO-AjNU |
||
| 041 | _aara | ||
| 050 | 1 | 4 | _aHV8694 2003 |
| 100 | 3 |
_aتأليف: بادينتير، روبير ؛ ترجمة: عبدالهادي عباس ؛ مراجعة : موريس جلال, _eauthor _921384 |
|
| 245 | 0 | 0 | _aالإلغاء : إلغاء عقوبة الاعدام = L'ABOLITION |
| 250 | _aط1 | ||
| 264 | 3 | 1 | _aدمشق: مركز الانماء الحضاري، 2003 |
| 300 | _a258ص | ||
| 336 |
_atext _btxt _2rdacontent |
||
| 337 |
_aunmediated _bn _2rdamedia |
||
| 338 |
_avolume _bnc _2rdacarrier |
||
| 650 | 4 |
_aالاعدام - الغاء- فرنسا _921385 |
|
| 999 |
_aA7418 _c10986 _d10986 |
||